Loading...

Franklin and Newton : An inquiry into speculative Newtonian experimental science and Franklins work in electricity as an example thereof /

Bibliographic Details
Main Author: Cohen, I. Bernard
Language:Undetermined
Published: 1956.
Series:American Philosophical society memoirs,43
Subjects:
LEADER 00599nam a2200157Ia 4500
001 17607
008 170722s9999 xx 000 0 und d
100 |a Cohen, I. Bernard 
245 |a Franklin and Newton :  |b An inquiry into speculative Newtonian experimental science and Franklins work in electricity as an example thereof / 
260 |c 1956. 
490 |a American Philosophical society memoirs,43 
653 |a Collected Works 
653 |a Physics 
942 |c GEN 
999 |c 65772  |d 65772 
952 |0 0  |1 0  |4 0  |6 CXK_42G_J6  |7 0  |8 LC1  |9 93470  |a LIB  |b LIB  |d 2013-03-25  |h LC1  |o CxK42:g J6  |p 106436  |r 2017-08-12  |w 2017-08-12  |y GEN